000
00265 a2200133 4500
001
63702
082
_a
371.33421RAO
090
_c
37693
_d
37693
100
_a
Rao,V.K
245
_a
Computer Education
250
_a
1
260
_b
APH Pub
300
_a
vi,357
942
_a
NUST-CAE
_k
371.33421RAO
999
_c
298775
_d
298775